| 000 | 00638nam a22001577a 4500 | ||
|---|---|---|---|
| 003 | OSt | ||
| 005 | 20150914110443.0 | ||
| 008 | 150914b xxu||||| |||| 00| 0 eng d | ||
| 040 | _cRUA | ||
| 082 | _aAGR LOU 2001 B023 Or.1 | ||
| 100 |
_9447 _aLOU, LYKHEAN |
||
| 245 | _aComparing of fertilizer on chilli pepper crop in royal university of agriculture ការប្រៀបធៀបជីលើដំណាំម្ទេសក្នុងលក្ខខណ្ឌ័សាកលវិទ្យាល័យភូមិន្នកសិកម្ម | ||
| 260 |
_aPhnom Penh _bRUA _c2001 |
||
| 300 |
_a65p. _bill. _c29cm. |
||
| 942 |
_2ddc _cAGR |
||
| 999 |
_c427 _d427 |
||